| 000 | 06033nam a22005537a 4500 | ||
|---|---|---|---|
| 005 | 20091106152045.0 | ||
| 010 | _aHIN-88284 | ||
| 020 |
_a9788126717767 _c350.00 |
||
| 035 | _aHN-60630 | ||
| 035 | _aB-400135-156 | ||
| 037 | _bDBAD / PUB | ||
| 037 | _bराजकमल प्रकाशन/PUB | ||
| 082 | _aउ | ||
| 100 |
_aमनोज सिंह _922684 |
||
| 245 |
_aबंधनः _cमनोज सिंह _b (मानसिक रोगी के परिवार की दर्दभरी कहानी) / |
||
| 246 |
_a _b |
||
| 250 | _a | ||
| 260 |
_aनई दिल्ली _bराजकमल प्रकाशन _c2009 |
||
| 270 |
_a1-बी, नेताजी सुभाष मार्ग _bनई दिल्ली _e110002 _minfo@rajkamalprakashan.com |
||
| 300 |
_a263पृ. _c23 सेमी. (सजिल्द) _e |
||
| 600 |
_aशाह, हकु _922685 |
||
| 650 |
_aहिन्दी कथा साहित्य _x _y _922686 |
||
| 700 |
_a _922452 |
||
| 942 |
_2ddc _cHN _hउ _mमनोज |
||
| 999 |
_c31484 _d31484 |
||